Trzy Największe Miasta w Każdym Państwie Unii Europejskiej z Mapą - Statystyki

Ogólne statystyki
  • Ten quiz został rozwiązany 80 razy
  • Średni wynik to 55 z 79
Odpowiedzi na mapie
Odpowiedzi zakodowano w zielono-czerwonej skali na mapie do tego quizu, zgodnie z poniższymi procentami.
 
Statystyki odpowiedzi
Państwo Miasto Populacja % Poprawnych
Niderlandy Amsterdam 1,1 mln
100%
Niemcy Berlin 3,7 mln
100%
Polska Kraków 800k
100%
Włochy Mediolan 1,3 mln
100%
Niemcy Monachium 1,5 mln
100%
Francja Paryż 2 mln
100%
Czechy Praga 1,4 mln
100%
Włochy Rzym 2,7 mln
100%
Polska Warszawa 1,8 mln
100%
Austria Wiedeń 2 mln
100%
Polska Wrocław 670k
100%
Hiszpania Barcelona 1,6 mln
98%
Słowacja Bratysława 480k
98%
Węgry Budapeszt 1,7 mln
98%
Irlandia Dublin 1,2 mln
98%
Niemcy Hamburg 1,8 mln
98%
Dania Kopenhaga 1,4 mln
98%
Hiszpania Madryt 3,4 mln
98%
Włochy Neapol 910k
98%
Litwa Wilno 600k
98%
Grecja Ateny 3,1 mln
96%
Belgia Bruksela 2 mln
96%
Rumunia Bukareszt 1,7 mln
96%
Finlandia Helsinki 680k
96%
Portugalia Lizbona 550k
96%
Łotwa Ryga 600k
96%
Szwecja Sztokholm 1 mln
96%
Bułgaria Sofia 1,2 mln
94%
Estonia Tallinn 450k
94%
Chorwacja Zagrzeb 660k
94%
Francja Marsylia 880k
91%
Portugalia Porto 230k
89%
Francja Lyon 520k
87%
Niderlandy Rotterdam 870k
87%
Luksemburg Luksemburg 135k
85%
Czechy Brno 400k
83%
Słowenia Lublana 290k
83%
Grecja Saloniki 800k
83%
Niderlandy Haga 850k
79%
Litwa Kowno 300k
79%
Szwecja Goteborg 600k
72%
Szwecja Malmo 370k
72%
Hiszpania Walencja 820k
72%
Belgia Antwerpia 1 mln
70%
Słowacja Koszyce 225k
70%
Czechy Ostrawa 280k
70%
Cypr Nikozja 245k
68%
Irlandia Cork 220k
62%
Austria Graz 300k
60%
Litwa Kłajpeda 160k
60%
Chorwacja Split 150k
60%
Bułgaria Warna 320k
60%
Węgry Debreczyn 200k
55%
Austria Linz 210k
55%
Dania Aarhus 300k
51%
Słowenia Maribor 100k
51%
Dania Odense 190k
49%
Rumunia Kluż-Napoka 290k
47%
Chorwacja Rijeka 110k
47%
Bułgaria Płowdiw 330k
43%
Łotwa Dyneburg 80k
40%
Estonia Tartu 100k
38%
Rumunia Jassy 270k
34%
Łotwa Lipawa 70k
34%
Estonia Narwa 50k
34%
Finlandia Tampere 260k
34%
Finlandia Espoo 320k
32%
Belgia Liege 550k
32%
Słowacja Preszów 80k
32%
Cypr Limassol 180k
30%
Irlandia Limerick 100k
30%
Węgry Segedyn 160k
30%
Słowenia Celje/Kranj 40k
23%
Cypr Larnaka 90k
21%
Grecja Patras 200k
19%
Malta Birkirkara/Zatoka Św. Pawła 30k
17%
Luksemburg Esch-sur-Alzette 40k
13%
Luksemburg Differdange 30k
11%
Portugalia Vila Nova de Gaia 190k
11%
Nie znaleziono quizów pasujących do podanych kryteriów
Rozkład punktacji
Procent ludzi z każdym wynikiem
Percentyl według liczby udzielonych odpowiedzi
Twoja historia wyników
Nie rozwiązałeś tego quizu